| 000 | 01139nam a2200325 c 4500 | ||
|---|---|---|---|
| 999 |
_c78996 _d78996 |
||
| 003 | BLK | ||
| 005 | 20220228120305.0 | ||
| 008 | 180408b bul|||||r ||||||| ||bul|| | ||
| 010 | _aKNG00083464000 | ||
| 020 | _a978-954-370-030-1 | ||
| 040 | _aBLK | ||
| 041 |
_aBUL _cBUL |
||
| 072 | 7 |
_2bullib _aРА _xРусенски автори |
|
| 080 |
_aБългарска литература _b821.163.2 _x-8 _z821.163.2-8 |
||
| 100 | 1 |
_aШаханова, Александрина _eпърви автор _9286259 |
|
| 139 |
_aШаханова, Александрина _bШ 42 |
||
| 245 | 1 | 0 |
_aАналекта _bИзбрано от събранато _cАлександрина Шаханова. |
| 257 | _aBGR | ||
| 260 |
_bРусе 22 _c2007 _fРусе : Авангард принт |
||
| 300 |
_a116 с. _c21 см |
||
| 380 | _aX | ||
| 500 | _aОфс. изд. | ||
| 653 | _aпублицистика | ||
| 653 | _aстихотворения | ||
| 852 | _aЦб 239829 | ||
| 852 | _aК 821.163.2/Ш 42 А | ||
| 856 | 4 | _qpdf | |
| 856 | 4 | _qpdf | |
| 942 |
_cKNG _n0 _s1 |
||
| 944 |
_aCR _c23.04.2008 _kЛюдмила_Стоянова |
||
| 944 |
_aED _c29.04.2008 |
||
| 999 | _d78996 | ||